[Event "ECC"]
[Site "Halkidiki GRE"]
[Date "2002.09.28"]
[Round "7"]
[White "Seitaj,I"]
[Black "O'Cinneide,M"]
[Result "1-0"]
[WhiteElo "2406"]
[BlackElo "2251"]
[EventDate "2002.09.22"]

1. e4 e6 2. d4 d5 3. Nc3 Nf6 4. Bg5 Be7 5. e5 Nfd7 6. Bxe7 Qxe7 7. f4 a6 8.
Nf3 c5 9. Qd2 Nc6 10. Bd3 b5 11. dxc5 Nxc5 12. Ne2 O-O 13. O-O Bb7 14. Ned4
Nxd4 15. Nxd4 Rac8 16. a3 Ne4 17. Qe3 b4 18. axb4 Qxb4 19. c3 Qb6 20. Bxe4
dxe4 21. Rf2 Rfd8 22. h4 a5 23. Kh2 Ra8 24. h5 a4 25. h6 g6 26. Qg3 Rd5 27.
Qg5 Qd8 28. Qxd8+ Rdxd8 29. g4 Rd5 30. g5 Rc5 31. Ra3 Kf8 32. Rd2 Ke7 33.
Kg3 Bd5 34. Kf2 Rca5 35. Ke3 Rc5 36. Ne2 Rc4 37. Ng3 Rb8 38. Nh1 Rb3 39.
Rxb3 axb3 40. Rd4 Rc7 41. Nf2 Kd8 42. c4 1-0

[Event "ECC"]
[Site "Halkidiki GRE"]
[Date "2002.09.28"]
[Round "7"]
[White "Cobb,C"]
[Black "Parker,J"]
[Result "1/2-1/2"]
[WhiteElo "2313"]
[BlackElo "2570"]
[EventDate "2002.09.22"]

1. c4 e6 2. Nc3 d5 3. d4 Nf6 4. cxd5 exd5 5. Bg5 c6 6. Qc2 Be7 7. e3 Nbd7
8. Bd3 Nh5 9. Bxe7 Qxe7 10. Nge2 g6 11. O-O O-O 12. Rab1 Ndf6 13. b4 a6 14.
a4 Qd6 15. h3 Be6 1/2-1/2

[Event "ECC"]
[Site "Halkidiki GRE"]
[Date "2002.09.28"]
[Round "7"]
[White "Ferguson,M"]
[Black "Trevelyan,J"]
[Result "1-0"]
[WhiteElo "2378"]
[BlackElo "2207"]
[EventDate "2002.09.22"]

1. e4 d6 2. d4 e5 3. Nf3 Nd7 4. Bc4 c6 5. O-O Be7 6. Nc3 Ngf6 7. a4 O-O 8.
Ba2 h6 9. Re1 Nh7 10. a5 Bf6 11. Be3 Ng5 12. Nxg5 Bxg5 13. Qd2 Re8 14. Bxg5
Qxg5 15. Qxg5 hxg5 16. d5 Nb8 17. dxc6 Nxc6 18. Nb5 Re7 19. Nxd6 Kf8 20. a6
Nb4 21. axb7 Bxb7 22. Bb3 f6 23. c3 Na6 24. Nxb7 1-0

[Event "ECC"]
[Site "Halkidiki GRE"]
[Date "2002.09.28"]
[Round "7"]
[White "Flower,D"]
[Black "Davies,Pe"]
[Result "1/2-1/2"]
[WhiteElo "2108"]
[BlackElo "2058"]
[EventDate "2002.09.22"]

1. e4 e5 2. Nf3 Nc6 3. Nc3 Nf6 4. g3 d5 5. exd5 Nxd5 6. Bg2 Nxc3 7. bxc3
Bc5 8. O-O O-O 9. Qe2 Qf6 10. Qc4 Bd6 11. d3 h6 12. Nd2 Bd7 13. Ne4 Qe7 14.
Nxd6 Qxd6 15. Be3 b6 16. d4 exd4 17. cxd4 Rac8 18. Rfd1 Na5 19. Qd3 Bg4 20.
f3 Bd7 21. c4 Rfe8 22. Rac1 Ba4 23. Re1 c6 24. Bf4 Rxe1+ 25. Rxe1 Qb4 26.
Rc1 Rd8 27. Bd2 Qb2 28. d5 cxd5 29. cxd5 Bb5 30. Qc2 Qxc2 31. Rxc2 Rxd5 32.
f4 Rd7 33. Bh3 Rd8 34. Bxa5 bxa5 35. Kf2 Kf8 36. Bf1 Bxf1 1/2-1/2

[Event "ECC"]
[Site "Halkidiki GRE"]
[Date "2002.09.28"]
[Round "7"]
[White "Egeli,P"]
[Black "Habibi,Al"]
[Result "1/2-1/2"]
[WhiteElo "2312"]
[BlackElo "2279"]
[EventDate "2002.09.22"]

1. c4 e5 2. g3 d6 3. Bg2 g6 4. Nc3 Bg7 5. d3 Nc6 6. e4 Nge7 7. Nge2 O-O 8.
O-O f5 9. h3 fxe4 10. dxe4 Be6 11. Nd5 h6 12. Be3 Qd7 13. Kh2 g5 14. Qd2
Kh7 15. Rad1 Ng6 16. g4 Nf4 17. Ng3 Ne7 18. Nf5 Neg6 19. b3 b6 20. f3 Rf7
21. Bf2 Rd8 22. Rh1 Rh8 23. Qc2 Kg8 24. b4 h5 25. Kg3 Bf8 26. Nde3 Rfh7 27.
Bf1 Qf7 28. Qa4 hxg4 29. fxg4 Bd7 30. Qxa7 Qe8 1/2-1/2

[Event "ECC"]
[Site "Halkidiki GRE"]
[Date "2002.09.28"]
[Round "7"]
[White "Hisler,T"]
[Black "Harestad,T"]
[Result "1-0"]
[WhiteElo "2247"]
[BlackElo "2222"]
[EventDate "2002.09.22"]

1. e4 c5 2. Nc3 Nc6 3. g3 g6 4. Bg2 Bg7 5. d3 e6 6. Be3 d6 7. Qd2 Rb8 8.
Nf3 Nd4 9. Bxd4 cxd4 10. Nb5 Ne7 11. Nbxd4 O-O 12. O-O h6 13. a4 e5 14. Ne2
f5 15. c3 Be6 16. Nh4 Kh7 17. d4 Bc4 18. exf5 gxf5 19. Rfd1 Qb6 20. Nc1
Rbd8 21. d5 e4 22. g4 Bxd5 23. Nxf5 Nxf5 24. Qxd5 Ng3 25. hxg3 Qxf2+ 26.
Kh2 Be5 27. Qxe4+ Kh8 28. Ne2 Rde8 29. Rf1 1-0

[Event "ECC"]
[Site "Halkidiki GRE"]
[Date "2002.09.28"]
[Round "7"]
[White "Harestad,H"]
[Black "Mossong,H"]
[Result "0-1"]
[WhiteElo "2186"]
[BlackElo "2200"]
[EventDate "2002.09.22"]

1. d4 d6 2. Nf3 Bg4 3. c4 c6 4. Nc3 Nd7 5. g3 Ngf6 6. Bg2 e5 7. O-O Be7 8.
h3 Bh5 9. b3 O-O 10. Nh4 Re8 11. g4 Bg6 12. Nxg6 hxg6 13. Bb2 Qa5 14. dxe5
Nxe5 15. Qd4 g5 16. e3 Ng6 17. Ne4 Rad8 18. Ng3 Nh4 19. Bh1 d5 20. cxd5 Bc5
21. Qc4 Nxd5 22. Rfd1 Nxe3 23. fxe3 Bxe3+ 24. Kf1 Qc7 25. Nf5 Nxf5 26. gxf5
Qg3 0-1

[Event "ECC"]
[Site "Halkidiki GRE"]
[Date "2002.09.28"]
[Round "7"]
[White "Schartz,A"]
[Black "Vestly,J"]
[Result "0-1"]
[WhiteElo "2196"]
[BlackElo "2123"]
[EventDate "2002.09.22"]

1. e4 e6 2. d4 d5 3. Nd2 Nf6 4. e5 Nfd7 5. Bd3 c5 6. c3 Nc6 7. Ne2 cxd4 8.
cxd4 f6 9. exf6 Qxf6 10. Nf3 h6 11. O-O Bd6 12. Ng3 Bxg3 13. hxg3 O-O 14.
Bf4 e5 15. dxe5 Ndxe5 16. Nxe5 Nxe5 17. Bc2 d4 18. Bxe5 Qxe5 19. Qd3 Bf5
20. Qb3+ Rf7 21. Bxf5 Qxf5 22. Rad1 Rd8 23. Rd3 Qd5 24. Qxd5 Rxd5 25. Rfd1
Rfd7 26. Kf1 Kf7 27. Re1 Rc5 28. Ke2 Rc2+ 29. Rd2 Rxd2+ 30. Kxd2 d3 31. Rd1
Ke6 32. Ke1 Ke5 33. Kd2 Kd4 34. Rh1 Re7 35. Rh4+ Re4 36. f3 Rxh4 37. gxh4
h5 38. b3 Ke5 39. Kxd3 Kf4 40. Kd4 Kg3 41. Ke4 Kxg2 42. Kf4 g6 43. a3 0-1